000 00314nam a22001217a 4500
008 230620b xxu||||| |||| 00| 0 eng d
082 _a320.03
_bCRAN 1966
100 _cMaurice Cranston
245 _aA Glossary of Political Terms
260 _aLondon
_bThe Bodley Head Ltd
_c1966
300 _a110p
942 _2ddc
_cBK
999 _c1644
_d1644